000 01474cam a2200241 4500
008 030311n2003 000 0 eng u
035 _a(Sirsi) u121593
100 _aOrum, J.
245 _aFarm-level economic consequences of a reduced use of pesticides in Danish Agriculture
260 _c2003
490 _aFarm Management
_v11(7) January 2003, 495-507(7)
520 _aIn 1997 the Danish Minister for Environment and Energy set up a committee to evaluate reducing pesticide use. Describes the farm economic consequences, as well as the agronomic background and the farm economic model developed to calculate these consequences. The analysis was built up around a set of farm types representative for Danish crop rotation regimes and a set of scenarios intended to show the consequences of different degrees of reduction of pesticide use. For each scenario the crop yield losses, alternative cultivation techniques and a number of overall restrictions on the crop rotation were estimated and incorporated in the farm economic model. By using the model the new optimal allocation of crops and pesticides was decided for different farm types and scenarios [Taken from journal abstract].
590 _aABS
650 _aPESTICIDES
650 _aFARM ECONOMICS
650 _aCROP YIELDS
650 _aFARMING METHODS
650 _aLand use
_96251
690 _aRURAL-AGRICULTURE AND FORESTRY
700 _aJorgensen, L.
700 _aJensen, P.
942 _n0
999 _c72282
_d72282